Online
Catalog

Evaluación de la calidad de aguas, alimentos y bebidas en República Dominicana / (Record no. 7983)

MARC details
000 -CABECERA
campo de control de longitud fija 00906nam a2200253 a 4500
001 - NÚMERO DE CONTROL
campo de control 000008209
005 - FECHA Y HORA DE LA ÚLTIMA TRANSACCIÓN
campo de control 20200929154502.0
008 - DATOS DE LONGITUD FIJA--INFORMACIÓN GENERAL
campo de control de longitud fija 090915s1980 dr 000 0 spa d
040 ## - FUENTE DE LA CATALOGACIÓN
Centro catalogador/agencia de origen DO-SdBNP
082 ## - NÚMERO DE LA CLASIFICACIÓN DECIMAL DEWEY
Número de clasificación 664.07
Número de documento/Ítem P438e
049 ## - FONDOS LOCALES (OCLC)
Fondos de biblioteca BNPD
100 1# - ENTRADA PRINCIPAL--NOMBRE DE PERSONA
Nombre de persona Pérez de Incháustegui, Josefina
Fechas asociadas al nombre 1944-
9 (RLIN) 22262
245 10 - MENCIÓN DE TÍTULO
Título Evaluación de la calidad de aguas, alimentos y bebidas en República Dominicana /
Mención de responsabilidad, etc. Josefina Pérez de Incháustegui; presentación Antonio Rosario.
260 ## - PUBLICACIÓN, DISTRIBUCIÓN, ETC.
Lugar de publicación, distribución, etc. Santo Domingo :
Nombre del editor, distribuidor, etc. UASD,
Fecha de publicación, distribución, etc. 1980.
300 ## - DESCRIPCIÓN FÍSICA
Extensión 343 p. :
Otras características físicas tablas. ,il. ;
Dimensiones 27 cm.
490 1# - MENCIÓN DE SERIE
Mención de serie Ciencia y tecnología
500 ## - NOTA GENERAL
Nota general Incluye datos biográficos del autor
650 #4 - PUNTO DE ACCESO ADICIONAL DE MATERIA--TÉRMINO DE MATERIA
Término de materia o nombre geográfico como elemento de entrada Análisis del agua
9 (RLIN) 22263
650 #4 - PUNTO DE ACCESO ADICIONAL DE MATERIA--TÉRMINO DE MATERIA
Término de materia o nombre geográfico como elemento de entrada Agua
Subdivisión general Bacteriología
9 (RLIN) 22264
650 #4 - PUNTO DE ACCESO ADICIONAL DE MATERIA--TÉRMINO DE MATERIA
Término de materia o nombre geográfico como elemento de entrada Alimentos
Subdivisión general Análisis
9 (RLIN) 22265
650 #4 - PUNTO DE ACCESO ADICIONAL DE MATERIA--TÉRMINO DE MATERIA
Término de materia o nombre geográfico como elemento de entrada Bebidas
Subdivisión general Análisis
9 (RLIN) 22266
700 1# - PUNTO DE ACCESO ADICIONAL--NOMBRE DE PERSONA
Nombre de persona Rosario , Antonio
9 (RLIN) 22267
830 #0 - PUNTO DE ACCESO ADICIONAL DE SERIE-TÍTULO UNIFORME
Título uniforme Ciencia y tecnología
9 (RLIN) 17780
Holdings
Estado de retiro Estado de pérdida No para préstamo Código de colección Localización permanente Ubicación/localización actual Ubicación en estantería Fecha de adquisición Número de inventario Total de préstamos Signatura topográfica completa Código de barras Fecha visto por última vez Número de copia Precio válido a partir de Tipo de ítem Koha Restricciones de uso
    Excluido de préstamo Dominicana de Servicio General General Depósito 15.09.2009 LF1   664.07 P438e 8209-30 25.06.2020 e. 3 25.06.2020 Libro y Folleto Colección Dominicana de Servicio  
      Dominicana de Servicio General General Depósito 31.03.2011 LF1   664.07 P438e 8209-40 25.06.2020 e. 4 25.06.2020 Libro y Folleto Colección Dominicana de Servicio  
  Extraviado   Dominicana de Servicio General General Extraviado 18.05.2015 LF1   664.07 P438e 8209-50 25.06.2020 e. 5 25.06.2020 Libro y Folleto Colección Dominicana de Servicio  
    Excluido de préstamo Patrimonio Dominicano Patrimonio Dominicano Patrimonio Dominicano Depósito 15.09.2009 LF1   664.07 P438e 8209-10 25.06.2020   25.06.2020 Libro y Folleto Colección Patrimonio Dominicano  
    Préstamo restrigido Patrimonio Dominicano Patrimonio Dominicano Patrimonio Dominicano Depósito 15.09.2009 LF1   664.07 P438e 8209-20 25.06.2020 e. 2 25.06.2020 Libro y Folleto Colección Patrimonio Dominicano Préstamo restringido

Powered by Koha